000 00596nam a22002057a 4500
999 _c9705
_d9705
003 GBCCL
005 20241126110717.0
008 230612b ||||| |||| 00| 0 eng d
020 _a0310266297
020 _a9780310266297
040 _cgbc
082 _a232.92
_bSTR
100 _aStrobel, Lee
_d1952-
_9350
245 _aThe case for christmas :
_ba journalist investigates the identity of the child in the manger
260 _aGrand Rapids :
_bZondervan ,
_c2005
300 _a96p.
650 _aJesus Christ
_vperson and offices
_910283
650 _aApologetics
_985
942 _2ddc
_cBK
_03